Špecifiká uvádzania farmaceutického produktu na trh na príklade produktu Copaxone od firmy TEVA Pharmaceuticals, s.r.o. diplomová práca

Salvato in:
Dettagli Bibliografici
Autore principale: Poláková, Beáta
Ente Autore: Obchodná fakulta EU. Katedra medzinárodného obchodu
Altri autori: Pásztorová, Jana, 1960-
Natura: Libro
Lingua:slovacco
Pubblicazione: Bratislava 2009
Tags: Aggiungi Tag
Nessun Tag, puoi essere il primo ad aggiungerne!!

MARC

LEADER 00000nam$a2200000$$$4500
001 0101021
005 20240318133902.9
041 0 |a slo 
044 |a SK 
245 1 0 |a Špecifiká uvádzania farmaceutického produktu na trh na príklade produktu Copaxone od firmy TEVA Pharmaceuticals, s.r.o.  |b diplomová práca  |c Beáta Poláková ; škol. Jana Pásztorová 
264 1 |a Bratislava  |c 2009 
300 |a 109 s. 
100 1 |a Poláková, Beáta 
700 1 |a Pásztorová, Jana, 1960- 
710 2 |a Obchodná fakulta EU. Katedra medzinárodného obchodu